Introduction to spectroscopy

Enregistré dans:
Détails bibliographiques
Auteur principal: Pavia
Format: Livre
Langue:Undetermined
Sujets:
Tags: Ajouter un tag
Pas de tags, Soyez le premier à ajouter un tag!
Thư viện lưu trữ: Trung tâm Học liệu Trường Đại học Cần Thơ
LEADER 00381nam a2200145Ia 4500
001 CTU_67154
008 210402s9999 xx 000 0 und d
082 |a 543.0877 
082 |b P338 
100 |a Pavia 
245 0 |a Introduction to spectroscopy 
245 0 |c Pavia and Lampman 
650 |a spectroscopy 
904 |i Minh 
980 |a Trung tâm Học liệu Trường Đại học Cần Thơ